Multiple Choice - French Cuisine - Statistics

General Stats
  • This quiz has been taken 30 times
  • The average score is 9 of 15
Answer Stats
Question Answer % Correct
Crêpes
89%
Crème brûlée
81%
Profiteroles
81%
Coq au vin
74%
Fraisier
63%
Chouquette
63%
Vichyssoise
59%
Clafoutis
59%
Bouillabaisse
59%
Consommé
59%
Beignets
56%
Croque-monsieur
41%
Riz au lait
37%
Dacquoise
37%
Gratin
30%
No matching quizzes found
Score Distribution
Percent of People with Each Score
Percentile by Number Answered
Your Score History
You have not taken this quiz